=LDR 00000nam 2200000 4500 =001 INLIS000000000039774 =005 20130612145401 =008 ***********************************ind** =035 ##$$0010-061300000039774 =041 ##$$a ind =082 ##$$a 550.1 =090 ##$$a 550.1, Wis b =100 ##$$a WISESA, Hendra =245 ##$$a Buku pintar bumi, Ensiklopedi lengkap dan kaya ilmu untuk semua kalangan, Hendra wisesa;Editor, Evi rine hartati =260 ##$$a 23 cm $b Jakarta =300 ##$$a 144 Hlm, Ilus, 23 cm =650 ##$$a Bibliografi : Hlm =650 ##$$a 143-144 =700 ##$$a HARTUTI, Evi Rine =850 ##$$a NBPNMAT =990 ##$$a 21196411/BPAP-NTB/2014 =990 ##$$a 0001/BPAP-NTB/2015 =990 ##$$a 0001/BPAP-NTB/2016 =990 ##$$a 0001/BPAP-NTB/2016 =990 ##$$a 21196411/BPAP-NTB/2014 =990 ##$$a 0001/BPAP-NTB/2015